LEADER 00914nam a2200241 i 4500 001 991002039489707536 008 130430s2011 it 000 0 ita d 020 $a9788890488795 035 $ab14111196-39ule_inst 040 $aBibl. Interfacoltà T. Pellegrino$bita 082 04$a858.91203 100 1 $aMoretti, Marino$d<1885-1979>$0322520 245 00$aChi vende libri acquista case /$cMarino Moretti 260 $aMilano :$bHenry Beyle,$c2011 300 $a25 p. ;$c20 cm 440 0$aPiccola biblioteca degli oggetti letterari ;$v8 500 $aEdizione di 575 copie numerate 907 $a.b14111196$b02-04-14$c30-04-13 912 $a991002039489707536 945 $aLE002 Bibl. Ris. Busta 192/32$g1$i2002000816078$lle002$op$pE20.00$q-$rn$so $t0$u0$v0$w0$x0$y.i15504426$z30-04-13 996 $aChi vende libri acquista case$9264284 997 $aUNISALENTO 998 $ale002$b30-04-13$cm$da $e-$fita$git $h0$i0 LEADER 01663oam 2200457M 450 001 9910716153903321 005 20200213070922.6 035 $a(CKB)5470000002518576 035 $a(OCoLC)1065608405 035 $a(OCoLC)995470000002518576 035 $a(EXLCZ)995470000002518576 100 $a20071213d1926 ua 0 101 0 $aeng 135 $aurcn||||||||| 181 $ctxt$2rdacontent 182 $cc$2rdamedia 183 $acr$2rdacarrier 200 10$aLester A. Rockwell. March 11, 1926. -- Committed to the Committee of the Whole House and ordered to be printed 210 1$a[Washington, D.C.] :$c[U.S. Government Printing Office],$d1926. 215 $a1 online resource (2 pages) 225 1 $aHouse report / 69th Congress, 1st session. House ;$vno. 518 225 1 $a[United States congressional serial set] ;$v[serial no. 8536] 300 $aBatch processed record: Metadata reviewed, not verified. Some fields updated by batch processes. 300 $aFDLP item number not assigned. 606 $aClaims 606 $aDesertion, Military 606 $aDesertion, Naval 607 $aUnited States$xHistory$yCivil War, 1861-1865 608 $aLegislative materials.$2lcgft 615 0$aClaims. 615 0$aDesertion, Military. 615 0$aDesertion, Naval. 701 $aJohnson$b Noble Jacob$f1887-1968$pRepublican (IN)$01386183 801 0$bWYU 801 1$bWYU 801 2$bOCLCO 801 2$bOCLCQ 906 $aBOOK 912 $a9910716153903321 996 $aLester A. Rockwell. March 11, 1926. -- Committed to the Committee of the Whole House and ordered to be printed$93540882 997 $aUNINA